[Event "Liberec Region-chT 2223"]
[Site "Czech Republic"]
[Date "2023.03.19"]
[Round "10.3"]
[White "Broucek, Tomas"]
[Black "Mohyla, Ales"]
[Result "1-0"]
[WhiteElo "2059"]
[BlackElo "1967"]
[PlyCount "81"]
[EventDate "2022.10.09"]
[EventType "team-tourn"]
[EventRounds "11"]
[EventCountry "CZE"]
[SourceTitle "EXT 2024"]
[Source "ChessBase"]
[SourceDate "2023.10.10"]
[SourceVersion "1"]
[SourceVersionDate "2023.10.10"]
[SourceQuality "1"]

1. c4 e5 2. g3 f5 3. Bg2 Nf6 4. Nc3 Nc6 5. e3 Bb4 6. Nd5 0-0 7. Ne2 e4 8. a3 Be7 9. d4 exd3 10. Qxd3 d6 11. 0-0 Ne5 12. Qc2 c6 13. Ndf4 g5 14. Nd3 Be6 15. b3 Ng6 16. Bb2 Qc7 17. Nd4 Bd7 18. Rac1 Rf7 19. Rfd1 Raf8 20. f4 g4 21. Nf2 Ne8 22. b4 Ng7 23. b5 Ne6 24. bxc6 bxc6 25. Nxe6 Bxe6 26. Qa4 Rc8 27. Bc3 Bf8 28. e4 fxe4 29. Nxe4 Be7 30. Bd4 c5 31. Ba1 Bd7 32. Qc2 Bc6 33. Qc3 Rcf8 34. Qe3 Re8 35. Qd3 Rd8 36. Nc3 Bxg2 37. Kxg2 Bf6 38. Nd5 Qc6 39. Bxf6 Rxf6 40. Qe4 Rxf4 41. gxf4 1-0

[Event "Liberec Region-chT 2223"]
[Site "Czech Republic"]
[Date "2023.02.26"]
[Round "9.6"]
[White "Broucek, Tomas"]
[Black "Carda, Milan"]
[Result "1-0"]
[WhiteElo "2076"]
[BlackElo "1686"]
[PlyCount "39"]
[EventDate "2022.10.09"]
[EventType "team-tourn"]
[EventRounds "11"]
[EventCountry "CZE"]
[SourceTitle "EXT 2024"]
[Source "ChessBase"]
[SourceDate "2023.10.10"]
[SourceVersion "1"]
[SourceVersionDate "2023.10.10"]
[SourceQuality "1"]

1. c4 f5 2. Nf3 g6 3. Nc3 c6 4. g3 Nf6 5. Bg2 Bg7 6. 0-0 0-0 7. d4 d6 8. Qc2 Qe8 9. b3 Na6 10. Ba3 Qd8 11. b4 Nc7 12. Rad1 Re8 13. d5 cxd5 14. cxd5 Bd7 15. Nd4 Rb8 16. h3 Kh8 17. Qd3 a6 18. Rd2 e5 19. dxe6 Nxe6 20. Nb3 1-0

[Event "CZE-chT2C 2223"]
[Site "Czech Republic"]
[Date "2022.12.18"]
[Round "5.8"]
[White "Skala, Jaromir"]
[Black "Broucek, Tomas"]
[Result "1/2-1/2"]
[WhiteElo "1880"]
[BlackElo "2069"]
[PlyCount "85"]
[EventDate "2022.10.16"]
[EventType "team-tourn"]
[EventRounds "11"]
[EventCountry "CZE"]
[SourceTitle "EXT 2024"]
[Source "ChessBase"]
[SourceDate "2023.10.10"]
[SourceVersion "1"]
[SourceVersionDate "2023.10.10"]
[SourceQuality "1"]
[WhiteTeam "Kutna Hora"]
[BlackTeam "Turnov Zikuda II"]
[WhiteTeamCountry "CZE"]
[BlackTeamCountry "CZE"]

1. d4 d6 2. Nf3 Nf6 3. g3 g6 4. Bg2 Bg7 5. 0-0 0-0 6. c4 Nbd7 7. Nc3 c6 8. e4 e5 9. h3 Qc7 10. Be3 Re8 11. Qc2 b6 12. Rac1 Bb7 13. Qb1 a5 14. d5 Nc5 15. Nd2 Ba6 16. Rfd1 cxd5 17. Nxd5 Nxd5 18. cxd5 Rec8 19. Rc3 Qd7 20. Nc4 Qd8 21. Rcc1 b5 22. Bxc5 Rxc5 23. Ne3 Rac8 24. Rxc5 Rxc5 25. b4 axb4 26. Qxb4 Qc7 27. Kh2 Bc8 28. a4 bxa4 29. Qxa4 f5 30. Qe8+ Bf8 31. exf5 gxf5 32. Qh5 Qf7 33. Qg5+ Qg7 34. Qxg7+ Kxg7 35. g4 f4 36. Nf5+ Kf6 37. Be4 h5 38. f3 Rb5 39. Rg1 hxg4 40. hxg4 Kg5 41. Kh3 Ra5 42. Rb1 Ba6 43. Kg2 1/2-1/2

[Event "Liberec Region-chT 2223"]
[Site "Czech Republic"]
[Date "2022.10.30"]
[Round "2.6"]
[White "Broucek, Tomas"]
[Black "Lasek, Frantisek"]
[Result "1-0"]
[WhiteElo "2066"]
[BlackElo "1846"]
[PlyCount "141"]
[EventDate "2022.10.09"]
[EventType "team-tourn"]
[EventRounds "11"]
[EventCountry "CZE"]
[SourceTitle "EXT 2024"]
[Source "ChessBase"]
[SourceDate "2023.10.10"]
[SourceVersion "1"]
[SourceVersionDate "2023.10.10"]
[SourceQuality "1"]

1. c4 Nf6 2. g3 c6 3. Bg2 d5 4. Nf3 dxc4 5. a4 Bf5 6. Na3 e6 7. Nxc4 Nbd7 8. 0-0 Be7 9. d3 0-0 10. a5 Rc8 11. Be3 c5 12. Nh4 b5 13. axb6 axb6 14. Nxf5 exf5 15. Bf4 Nh5 16. Bd2 g6 17. Qb3 Ng7 18. Ra7 Rc7 19. Rxc7 Qxc7 20. Bf4 Qa7 21. Bd2 Ne6 22. e3 Bf6 23. f4 Rb8 24. Qb5 Ndf8 25. Bc3 Bxc3 26. bxc3 Qa2 27. Ne5 Qd2 28. Nc6 Qxe3+ 29. Kh1 Nc7 30. Qb3 Re8 31. Qxb6 Nfe6 32. d4 cxd4 33. cxd4 Qd3 34. Re1 Qd2 35. Rb1 Kg7 36. h3 Ra8 37. Qb2 Ra2 38. Qxd2 Rxd2 39. Rb7 Rd3 40. Kh2 Rd2 41. Kg1 Kf6 42. h4 h5 43. Bf3 Ne8 44. d5 Nd4 45. Nxd4 Rxd4 46. Kf2 Nd6 47. Rd7 Ne4+ 48. Ke3 Rd3+ 49. Kxd3 Nc5+ 50. Kc4 Nxd7 51. Kb5 Ke7 52. Kc6 Kd8 53. d6 Nb8+ 54. Kd5 Nd7 55. Kd4 Nf8 56. Bd5 f6 57. Bf7 Kd7 58. Kd5 Kd8 59. Be6 Ke8 60. Bg8 Kd7 61. Bf7 Kd8 62. Kc6 Kc8 63. d7+ Kd8 64. Kd6 g5 65. Be6 gxh4 66. gxh4 Ng6 67. Bxf5 Nxf4 68. Be4 f5 69. Bxf5 Ng2 70. Be4 Nxh4 71. Ke6 1-0

[Event "Liberec Region-chT 2223"]
[Site "Czech Republic"]
[Date "2022.10.09"]
[Round "1.5"]
[White "Broucek, Tomas"]
[Black "Pistek, Marcel"]
[Result "1-0"]
[WhiteElo "2066"]
[BlackElo "1740"]
[PlyCount "63"]
[EventDate "2022.10.09"]
[EventType "team-tourn"]
[EventRounds "11"]
[EventCountry "CZE"]
[SourceTitle "EXT 2024"]
[Source "ChessBase"]
[SourceDate "2023.10.10"]
[SourceVersion "1"]
[SourceVersionDate "2023.10.10"]
[SourceQuality "1"]

1. c4 c6 2. g3 e6 3. Bg2 d5 4. Nf3 Bd6 5. d4 dxc4 6. 0-0 Nd7 7. a4 Ngf6 8. Na3 Nb6 9. a5 Bxa3 10. Rxa3 Nbd5 11. Ne5 0-0 12. Nxc4 Ne8 13. e4 Ndc7 14. e5 Rb8 15. Be3 Nd5 16. Qd2 Nxe3 17. fxe3 Qc7 18. Rc1 f5 19. Qb4 Qd7 20. Qc5 Nc7 21. Qxa7 Ra8 22. Qc5 Na6 23. Qb6 Nc7 24. Nd6 Ra6 25. Qc5 Ne8 26. Nc4 g5 27. Nb6 Qd8 28. Bf1 f4 29. Bxa6 fxg3 30. hxg3 bxa6 31. Qxc6 Qe7 32. Nxc8 1-0

[Event "Pardubice Czech op-E 31st"]
[Site "Pardubice"]
[Date "2020.09.20"]
[Round "6.4"]
[White "Broucek, Tomas"]
[Black "Kosut, Tomas"]
[Result "1/2-1/2"]
[WhiteElo "2135"]
[BlackElo "1849"]
[PlyCount "60"]
[EventDate "2020.09.17"]
[EventType "team-swiss"]
[EventRounds "7"]
[EventCountry "CZE"]
[SourceTitle "CBM 198 Extra"]
[Source "ChessBase"]
[SourceDate "2020.11.30"]
[SourceVersion "1"]
[SourceVersionDate "2020.11.30"]
[SourceQuality "1"]
[WhiteTeam "Turnov Zikuda III"]
[BlackTeam "Walkuv Protigambit"]
[WhiteTeamCountry "CZE"]
[BlackTeamCountry "CZE"]

1. c4 c5 2. Nf3 Nf6 3. e3 e6 4. d4 d5 5. a3 a5 6. Nc3 cxd4 7. Nxd4 Bc5 8. cxd5 Nxd5 9. Bb5+ Bd7 10. Nxd5 exd5 11. Bxd7+ Qxd7 12. 0-0 0-0 13. b3 Nc6 14. Bb2 Nxd4 15. Bxd4 Bxd4 16. Qxd4 Rfd8 17. Rfd1 Qb5 18. Qd3 Qxd3 19. Rxd3 Rd6 20. Rad1 Rad8 21. Rd4 f5 22. g4 fxg4 23. e4 Kf7 24. exd5 h5 25. b4 b6 26. b5 Kf6 27. Rc4 Ke5 28. Rc6 g5 29. a4 h4 30. Kg2 R8d7 1/2-1/2

[Event "Pardubice Czech op-E 31st"]
[Site "Pardubice"]
[Date "2020.09.19"]
[Round "5.4"]
[White "Urban, Tomas"]
[Black "Broucek, Tomas"]
[Result "0-1"]
[WhiteElo "1742"]
[BlackElo "2135"]
[PlyCount "74"]
[EventDate "2020.09.17"]
[EventType "team-swiss"]
[EventRounds "7"]
[EventCountry "CZE"]
[SourceTitle "CBM 198 Extra"]
[Source "ChessBase"]
[SourceDate "2020.11.30"]
[SourceVersion "1"]
[SourceVersionDate "2020.11.30"]
[SourceQuality "1"]
[WhiteTeam "Kolesovice Cesky Lev"]
[BlackTeam "Turnov Zikuda III"]
[WhiteTeamCountry "CZE"]
[BlackTeamCountry "CZE"]

1. f4 Nf6 2. Nf3 d6 3. g3 g6 4. Bg2 Bg7 5. d3 0-0 6. 0-0 c5 7. c3 Nc6 8. Qe1 Qc7 9. h3 Rb8 10. g4 b5 11. Na3 b4 12. Nc2 bxc3 13. bxc3 Ba6 14. f5 Ne5 15. Qh4 Bb7 16. Bh6 Bxf3 17. Bxf3 Rb2 18. Bxg7 Kxg7 19. Ne3 Nxf3+ 20. Rxf3 Rxe2 21. g5 Nh5 22. f6+ exf6 23. gxf6+ Kh8 24. Raf1 d5 25. R1f2 Rxf2 26. Rxf2 Qe5 27. Rf3 Rb8 28. Ng4 Rb1+ 29. Rf1 Rxf1+ 30. Kxf1 Qxc3 31. Nh6 Qc1+ 32. Qe1 Qf4+ 33. Kg2 Qg5+ 34. Kh1 Qxf6 35. Qe8+ Kg7 36. Ng4 Qf3+ 37. Kg1 Qg3+ 0-1

[Event "CZE-chT2C 1920"]
[Site "Czech Republic"]
[Date "2020.06.28"]
[Round "11.7"]
[White "Broucek, Tomas"]
[Black "Srostlik, Zdenek"]
[Result "1/2-1/2"]
[WhiteElo "2140"]
[BlackElo "1864"]
[PlyCount "78"]
[EventDate "2019.10.13"]
[EventType "team-tourn"]
[EventRounds "11"]
[EventCountry "CZE"]
[SourceTitle "EXT 2024"]
[Source "ChessBase"]
[SourceDate "2023.10.10"]
[SourceVersion "1"]
[SourceVersionDate "2023.10.10"]
[SourceQuality "1"]
[WhiteTeam "Turnov Zikuda III"]
[BlackTeam "Kobylisy II"]
[WhiteTeamCountry "CZE"]
[BlackTeamCountry "CZE"]

1. d4 Nf6 2. Nf3 e6 3. Nbd2 d5 4. e3 b6 5. Bd3 Bb7 6. Qe2 Be7 7. 0-0 Nbd7 8. c3 c5 9. Ne5 0-0 10. Nxd7 Qxd7 11. dxc5 bxc5 12. e4 dxe4 13. Nxe4 Nxe4 14. Bxe4 Bc6 15. Rd1 Qb7 16. Bxc6 Qxc6 17. Qc4 Rfd8 18. Be3 Rd5 19. Qg4 Rad8 20. c4 Rd3 21. Qe2 Qe4 22. Rxd3 Rxd3 23. b3 Bf6 24. Re1 Bc3 25. Rd1 Rxd1+ 26. Qxd1 Bd4 27. h3 h6 28. Bc1 Qb1 29. Qd2 Qe4 30. Kh2 Qf5 31. Kg1 Qe4 32. Kf1 Qb1 33. f3 Qg6 34. Ke1 Qg3+ 35. Kd1 Bf2 36. Qd8+ Kh7 37. Qd3+ Kg8 38. Qf1 Bd4 39. Qe2 Qg6 1/2-1/2

[Event "CZE-chT2C 1920"]
[Site "Czech Republic"]
[Date "2019.11.17"]
[Round "3.7"]
[White "Cifka, Stanislav"]
[Black "Broucek, Tomas"]
[Result "1-0"]
[WhiteElo "2384"]
[BlackElo "2140"]
[PlyCount "47"]
[EventDate "2019.10.13"]
[EventType "team-tourn"]
[EventRounds "11"]
[EventCountry "CZE"]
[SourceTitle "EXT 2024"]
[Source "ChessBase"]
[SourceDate "2023.10.10"]
[SourceVersion "1"]
[SourceVersionDate "2023.10.10"]
[SourceQuality "1"]
[WhiteTeam "Praha Oaza II"]
[BlackTeam "Turnov Zikuda III"]
[WhiteTeamCountry "CZE"]
[BlackTeamCountry "CZE"]

1. d4 d6 2. c4 e5 3. e3 f5 4. dxe5 dxe5 5. Qxd8+ Kxd8 6. Nc3 c6 7. e4 Nf6 8. Nf3 Bd6 9. c5 Bxc5 10. Nxe5 Re8 11. Bf4 Nh5 12. Bg5+ Kc7 13. Be2 Rxe5 14. Bxh5 Bd6 15. f4 Ra5 16. e5 Bb4 17. 0-0-0 Nd7 18. Bf7 Rc5 19. Kb1 Bxc3 20. bxc3 h6 21. Be7 Rb5+ 22. Kc2 Ra5 23. Rhe1 Rxa2+ 24. Bxa2 1-0

[Event "CZE-chT2C 1920"]
[Site "Czech Republic"]
[Date "2019.10.13"]
[Round "1.7"]
[White "Husarik, Branko"]
[Black "Broucek, Tomas"]
[Result "1-0"]
[WhiteElo "2146"]
[BlackElo "2140"]
[PlyCount "75"]
[EventDate "2019.10.13"]
[EventType "team-tourn"]
[EventRounds "11"]
[EventCountry "CZE"]
[SourceTitle "EXT 2024"]
[Source "ChessBase"]
[SourceDate "2023.10.10"]
[SourceVersion "1"]
[SourceVersionDate "2023.10.10"]
[SourceQuality "1"]
[WhiteTeam "Lysa nad Labem Joly III"]
[BlackTeam "Turnov Zikuda III"]
[WhiteTeamCountry "CZE"]
[BlackTeamCountry "CZE"]

1. e4 d6 2. f4 Nf6 3. Nc3 Nbd7 4. Nf3 e5 5. d4 exd4 6. Qxd4 c6 7. Be3 d5 8. 0-0-0 Bc5 9. Qd3 Bxe3+ 10. Qxe3 Qb6 11. Qxb6 Nxb6 12. exd5 Nbxd5 13. Re1+ Kf8 14. Nxd5 Nxd5 15. g3 Bg4 16. Ne5 Be6 17. Bc4 Rd8 18. Rhf1 Bh3 19. Rf2 f6 20. Nd3 Re8 21. Rxe8+ Kxe8 22. Bxd5 cxd5 23. Nb4 Be6 24. Rd2 Kf7 25. Nxd5 Rc8 26. b3 Rc5 27. Ne3 h5 28. Kb2 g5 29. c4 gxf4 30. gxf4 a5 31. Kc3 Rc8 32. f5 Rg8 33. fxe6+ Kxe6 34. Kd4 Rg1 35. Re2 h4 36. Ng2+ Kf5 37. Nxh4+ Kg4 38. Rg2+ 1-0

[Event "CZE-chT2B 1718"]
[Site "Czech Republic"]
[Date "2017.11.05"]
[Round "2.2"]
[White "Broucek, Tomas"]
[Black "Crha, Ondrej"]
[Result "1/2-1/2"]
[WhiteElo "2152"]
[BlackElo "2191"]
[PlyCount "104"]
[EventDate "2017.10.15"]
[EventType "team-tourn"]
[EventRounds "11"]
[EventCountry "CZE"]
[SourceTitle "EXT 2022"]
[Source "ChessBase"]
[SourceDate "2021.10.06"]
[SourceVersion "1"]
[SourceVersionDate "2021.10.06"]
[SourceQuality "1"]
[WhiteTeam "Liberec Slavia"]
[BlackTeam "Mlada Boleslav"]
[WhiteTeamCountry "CZE"]
[BlackTeamCountry "CZE"]

1. b3 e5 2. Bb2 Nc6 3. e3 Nf6 4. Bb5 e4 5. Nc3 a6 6. Bxc6 dxc6 7. Nge2 Bd6 8. d3 exd3 9. Qxd3 Qe7 10. Ng3 Bg4 11. Nce4 Nxe4 12. Qxe4 Bb4+ 13. c3 Qxe4 14. Nxe4 Be7 15. f3 Be6 16. c4 0-0-0 17. Ke2 Bf5 18. Nf2 Bb4 19. Rad1 Bc2 20. Rxd8+ Rxd8 21. Bc1 a5 22. e4 a4 23. a3 Bf8 24. b4 c5 25. Bd2 Bb3 26. Rc1 Rd4 27. bxc5 Bxc4+ 28. Ke1 Bb5 29. Be3 Rc4 30. Rxc4 Bxc4 31. Kd2 b6 32. cxb6 Bxa3 33. Kc3 Bf1 34. g3 c5 35. Nd3 Bxd3 36. Kxd3 Kb7 37. Bd2 Bb4 38. Bf4 Kxb6 39. Kc4 f6 40. e5 a3 41. exf6 gxf6 42. Bc1 Kc6 43. g4 Kd6 44. h4 Ke5 45. Kb3 Be1 46. h5 Bh4 47. f4+ Ke6 48. Bxa3 h6 49. Bxc5 f5 50. gxf5+ Kxf5 51. Bf8 Kxf4 52. Bxh6+ Kg4 1/2-1/2

[Event "CZE-chT2B 1617"]
[Site "Czech Republic"]
[Date "2016.10.23"]
[Round "4.7"]
[White "Broucek, Tomas"]
[Black "Chaloupka, Frantisek"]
[Result "1/2-1/2"]
[WhiteElo "2133"]
[BlackElo "2005"]
[PlyCount "25"]
[EventDate "2016.10.09"]
[EventType "team-tourn"]
[EventRounds "11"]
[EventCountry "CZE"]
[SourceTitle "EXT 2022"]
[Source "ChessBase"]
[SourceDate "2021.10.06"]
[SourceVersion "1"]
[SourceVersionDate "2021.10.06"]
[SourceQuality "1"]
[WhiteTeam "Turnov Zikuda II"]
[BlackTeam "Litomerice"]
[WhiteTeamCountry "CZE"]
[BlackTeamCountry "CZE"]

1. b3 e5 2. Bb2 d6 3. g3 f5 4. Bg2 Nf6 5. d4 e4 6. e3 d5 7. Ne2 Be6 8. h4 g6 9. Nf4 Bf7 10. Nc3 c6 11. Nce2 Na6 12. Nh3 h6 13. c3 1/2-1/2

[Event "CZE-chT2B 1516"]
[Site "Czech Republic"]
[Date "2016.04.17"]
[Round "11.6"]
[White "Broucek, Tomas"]
[Black "Hulin, Petr"]
[Result "0-1"]
[WhiteElo "2100"]
[BlackElo "2078"]
[PlyCount "88"]
[EventDate "2015.10.18"]
[EventType "team-tourn"]
[EventRounds "11"]
[EventCountry "CZE"]
[SourceTitle "EXT 2022"]
[Source "ChessBase"]
[SourceDate "2021.10.06"]
[SourceVersion "1"]
[SourceVersionDate "2021.10.06"]
[SourceQuality "1"]
[WhiteTeam "Turnov Zikuda III"]
[BlackTeam "Bakov nad Jizerou"]
[WhiteTeamCountry "CZE"]
[BlackTeamCountry "CZE"]

1. c4 Nf6 2. Nf3 e6 3. b3 b6 4. Bb2 Bb7 5. e3 Be7 6. d4 0-0 7. Bd3 Ne4 8. 0-0 f5 9. Nc3 Bd6 10. g3 Bb4 11. Nb1 Qe8 12. a3 Be7 13. Nc3 d6 14. Nd2 Ng5 15. h4 Nf7 16. f4 Nh6 17. Be2 Qg6 18. Kf2 Ng4+ 19. Bxg4 fxg4 20. Qb1 Qh5 21. d5 exd5 22. Nxd5 Bxd5 23. cxd5 Qxd5 24. Rd1 Nd7 25. Qe4 Qf7 26. b4 Rae8 27. Qc6 Ne5 28. Bxe5 dxe5 29. Ne4 exf4 30. exf4 Bxh4 31. Kg2 Re6 32. Qd5 Rfe8 33. Nf2 Bf6 34. Nxg4 Bxa1 35. Qg5 Qg6 36. Rxa1 Qxg5 37. fxg5 c5 38. bxc5 bxc5 39. Rc1 Rc8 40. Rc4 Ra6 41. a4 Rb6 42. Ne5 Rb4 43. Kf3 Rxc4 44. Nxc4 Rb8 0-1

[Event "CZE-chT2B 1516"]
[Site "Czech Republic"]
[Date "2016.02.21"]
[Round "8.5"]
[White "Broucek, Tomas"]
[Black "Hrbolka, Ladislav"]
[Result "1/2-1/2"]
[WhiteElo "2100"]
[BlackElo "2104"]
[PlyCount "81"]
[EventDate "2015.10.18"]
[EventType "team-tourn"]
[EventRounds "11"]
[EventCountry "CZE"]
[SourceTitle "EXT 2022"]
[Source "ChessBase"]
[SourceDate "2021.10.06"]
[SourceVersion "1"]
[SourceVersionDate "2021.10.06"]
[SourceQuality "1"]
[WhiteTeam "Turnov Zikuda III"]
[BlackTeam "Most Chess"]
[WhiteTeamCountry "CZE"]
[BlackTeamCountry "CZE"]

1. c4 Nf6 2. Nf3 e6 3. b3 Be7 4. Bb2 0-0 5. g3 b6 6. Bg2 Bb7 7. 0-0 c5 8. Nc3 d6 9. Qc2 Nc6 10. Rad1 Qc8 11. Qb1 h6 12. Ne1 a6 13. f4 b5 14. cxb5 Nd4 15. bxa6 Bxg2 16. Kxg2 Qxa6 17. Qd3 Qb7+ 18. Nf3 Rfb8 19. Na4 Nc6 20. Bxf6 Nb4 21. Qb1 Bxf6 22. Kh3 c4 23. Nc3 Bxc3 24. dxc3 Nxa2 25. bxc4 Qxb1 26. Rxb1 Nxc3 27. Rxb8+ Rxb8 28. Rc1 Ne4 29. Rc2 Rc8 30. Ne1 f5 31. Nd3 Kf7 32. Kg2 Kf6 33. e3 g5 34. h4 gxh4 35. gxh4 Rg8+ 36. Kh2 Rg4 37. c5 Rxh4+ 38. Kg2 Nxc5 39. Nxc5 dxc5 40. Rxc5 Rg4+ 41. Kf3 1/2-1/2

[Event "CZE-chT2B 1516"]
[Site "Czech Republic"]
[Date "2016.01.10"]
[Round "5.6"]
[White "Broucek, Tomas"]
[Black "Sura, Jaroslav"]
[Result "1-0"]
[WhiteElo "2100"]
[BlackElo "2056"]
[PlyCount "81"]
[EventDate "2015.10.18"]
[EventType "team-tourn"]
[EventRounds "11"]
[EventCountry "CZE"]
[SourceTitle "EXT 2022"]
[Source "ChessBase"]
[SourceDate "2021.10.06"]
[SourceVersion "1"]
[SourceVersionDate "2021.10.06"]
[SourceQuality "1"]
[WhiteTeam "Turnov Zikuda III"]
[BlackTeam "Litomerice"]
[WhiteTeamCountry "CZE"]
[BlackTeamCountry "CZE"]

1. c4 e5 2. Nc3 Nf6 3. g3 d5 4. cxd5 Nxd5 5. Bg2 Be6 6. Nf3 Nc6 7. d3 Be7 8. 0-0 0-0 9. Bd2 Kh8 10. a3 f5 11. b4 Bf6 12. Rc1 e4 13. dxe4 Bxc3 14. Ng5 Bxd2 15. Nxe6 Ne3 16. fxe3 Bxe3+ 17. Kh1 Qe7 18. Nxf8 Bxc1 19. Qxc1 Rxf8 20. exf5 Qxe2 21. Qc5 Rf6 22. b5 b6 23. Qd5 Ne7 24. Qe4 Qxe4 25. Bxe4 Nc8 26. Rc1 Rf7 27. Bd5 Re7 28. a4 Nd6 29. g4 h5 30. h3 Kh7 31. Kg2 Kh6 32. Kf3 Kg5 33. Be6 g6 34. h4+ Kxh4 35. Kf4 g5+ 36. Ke5 Kxg4 37. f6+ Rxe6+ 38. Kxe6 h4 39. Rxc7 Ne8 40. Rc4+ Kh5 41. f7 1-0

[Event "CZE-chT2B 1415"]
[Site "Czech Republic"]
[Date "2015.02.08"]
[Round "7.6"]
[White "Vacek, Radomir"]
[Black "Broucek, Tomas"]
[Result "1/2-1/2"]
[WhiteElo "2015"]
[BlackElo "2089"]
[PlyCount "57"]
[EventDate "2014.11.02"]
[EventType "team-tourn"]
[EventRounds "11"]
[EventCountry "CZE"]
[SourceTitle "EXT 2022"]
[Source "ChessBase"]
[SourceDate "2021.10.06"]
[SourceVersion "1"]
[SourceVersionDate "2021.10.06"]
[SourceQuality "1"]
[WhiteTeam "Bakov nad Jizerou"]
[BlackTeam "Turnov Zikuda II"]
[WhiteTeamCountry "CZE"]
[BlackTeamCountry "CZE"]

1. d4 Nf6 2. c4 e5 3. dxe5 Ng4 4. Nf3 Bc5 5. e3 Nc6 6. Be2 0-0 7. 0-0 Ngxe5 8. Nc3 Re8 9. Bd2 Nxf3+ 10. Bxf3 Ne5 11. Be2 b6 12. Re1 Bb7 13. f4 Ng6 14. Bf3 Bc6 15. Kh1 Nh4 16. Bd5 Nf5 17. e4 Nd6 18. Qf3 Qh4 19. Re2 Bxd5 20. cxd5 Bd4 21. Rae1 c5 22. dxc6 dxc6 23. b3 Rad8 24. e5 Nf5 25. Ne4 Bc5 26. Bc3 Rd5 27. g3 Qh6 28. Qg4 Qg6 29. Qxg6 1/2-1/2

[Event "CZE-chT1W 1314"]
[Site "Czech Republic"]
[Date "2014.03.16"]
[Round "9.7"]
[White "Broucek, Tomas"]
[Black "Pesout, Jan"]
[Result "1/2-1/2"]
[WhiteElo "2115"]
[BlackElo "2211"]
[PlyCount "106"]
[EventDate "2013.10.20"]
[EventType "team-tourn"]
[EventRounds "11"]
[EventCountry "CZE"]
[SourceTitle "EXT 2015"]
[Source "ChessBase"]
[SourceDate "2014.11.20"]
[SourceVersion "1"]
[SourceVersionDate "2014.11.20"]
[SourceQuality "1"]
[WhiteTeam "Turnov Zikuda II"]
[BlackTeam "Pankrac"]
[WhiteTeamCountry "CZE"]
[BlackTeamCountry "CZE"]

1. c4 Nf6 2. g3 c5 3. Bg2 Nc6 4. Nc3 g6 5. Nf3 Bg7 6. d4 cxd4 7. Nxd4 0-0 8. 0-0 Nxd4 9. Qxd4 d6 10. Bg5 Be6 11. Qd3 Nd7 12. b3 Rb8 13. Rac1 a6 14. Rfd1 Re8 15. Nd5 h6 16. Bxe7 Rxe7 17. Nxe7+ Qxe7 18. Qxd6 Qxd6 19. Rxd6 Bf8 20. Rdd1 Ba3 21. Rc2 Kf8 22. Bd5 Nc5 23. Bxe6 Nxe6 24. Rcd2 g5 25. Kg2 Ke8 26. e3 Be7 27. f4 Rc8 28. f5 Nc5 29. Kf3 Rc7 30. Rd5 f6 31. h4 gxh4 32. gxh4 Nd7 33. Kg4 Ne5+ 34. Kh5 Kf7 35. Rg1 Rc8 36. e4 b6 37. Rg3 a5 38. Rd2 Bf8 39. Rd5 a4 40. Rb5 axb3 41. axb3 Bc5 42. b4 Be7 43. c5 bxc5 44. bxc5 Nd7 45. c6 Rxc6 46. Kxh6 Bf8+ 47. Kh7 Rc7 48. Rg8 Ke7 49. Ra5 Ne5 50. Kh8 Nf7+ 51. Kh7 Ne5 52. Kh8 Nf7+ 53. Kh7 Ne5 1/2-1/2

[Event "CZE-chT2B 1213"]
[Site "Czech Republic"]
[Date "2013.02.17"]
[Round "9.7"]
[White "Broucek, Tomas"]
[Black "Sedivy, Ales"]
[Result "1-0"]
[WhiteElo "2076"]
[BlackElo "1920"]
[PlyCount "51"]
[EventDate "2012.10.14"]
[EventType "team-tourn"]
[EventRounds "11"]
[EventCountry "CZE"]
[SourceTitle "EXT 2015"]
[Source "ChessBase"]
[SourceDate "2014.11.20"]
[SourceVersion "1"]
[SourceVersionDate "2014.11.20"]
[SourceQuality "1"]
[WhiteTeam "Turnov Zikuda II"]
[BlackTeam "Horice"]
[WhiteTeamCountry "CZE"]
[BlackTeamCountry "CZE"]

1. e4 e6 2. d4 d5 3. exd5 exd5 4. Bd3 Bd6 5. h3 h6 6. Nc3 c6 7. Qf3 Qf6 8. Nce2 Be6 9. Bf4 Bxf4 10. Nxf4 Nd7 11. Nxe6 Qxe6+ 12. Ne2 0-0-0 13. 0-0 Ngf6 14. Rfe1 Qd6 15. b4 Qxb4 16. a4 Qd6 17. a5 Kc7 18. Rec1 g5 19. c4 dxc4 20. Bxc4 Rdf8 21. a6 b6 22. Bb5 Nb8 23. Nc3 Qf4 24. Bxc6 Qxf3 25. Nb5+ Kd8 26. Bxf3 1-0

[Event "CZE-chT2B 1213"]
[Site "Czech Republic"]
[Date "2012.12.16"]
[Round "5.7"]
[White "Broucek, Tomas"]
[Black "Papay, Marek"]
[Result "1-0"]
[WhiteElo "2076"]
[BlackElo "1942"]
[PlyCount "75"]
[EventDate "2012.10.14"]
[EventType "team-tourn"]
[EventRounds "11"]
[EventCountry "CZE"]
[SourceTitle "EXT 2015"]
[Source "ChessBase"]
[SourceDate "2014.11.20"]
[SourceVersion "1"]
[SourceVersionDate "2014.11.20"]
[SourceQuality "1"]
[WhiteTeam "Turnov Zikuda II"]
[BlackTeam "Decin"]
[WhiteTeamCountry "CZE"]
[BlackTeamCountry "CZE"]

1. e4 c6 2. d4 d5 3. exd5 cxd5 4. Nf3 Nc6 5. c3 Nf6 6. Bf4 g6 7. Bd3 Bg7 8. h3 0-0 9. 0-0 Qb6 10. Qb3 Qxb3 11. axb3 Bf5 12. Bxf5 gxf5 13. Re1 e6 14. b4 a6 15. Nbd2 Nd7 16. Nb3 Rfe8 17. Na5 Nxa5 18. Rxa5 Nb6 19. Nd2 f6 20. Bc7 Bh6 21. Bxb6 Bxd2 22. Rea1 Rac8 23. b5 axb5 24. Rxb5 Re7 25. Ra7 Rd7 26. Bc5 Rcc7 27. Rb6 Kf7 28. Bd6 Rc8 29. Rbxb7 Rxb7 30. Rxb7+ Kg6 31. Kf1 Rd8 32. Bb8 Re8 33. Ke2 Bh6 34. f4 Bg7 35. Rb6 Kh5 36. Kf3 e5 37. dxe5 fxe5 38. g4+ 1-0